| 000 | 00880nas a2200277 4500 | ||
|---|---|---|---|
| 001 | BR2016000163 | ||
| 003 | BR-BrBNA | ||
| 005 | 20231205130030.0 | ||
| 007 | ta | ||
| 008 | 230509b bl.|||p| |||| 00| 00por d | ||
| 040 |
_aBR-BrBNA _bpor _cBiblioteca Nacional de Agricultura |
||
| 041 | _a(Pt) | ||
| 072 | _aT01 | ||
| 100 | 1 | _aBorges, M.R. | |
| 100 | 1 | _aCoutinho, E.L.M. | |
| 245 | 1 | _aMetais pesados do solo após aplicação de biossólido - II - Disponibilidade | |
| 650 | _aSOLO | ||
| 650 | _aMETAL PESADO | ||
| 650 | _aRESÍDUO INDUSTRIAL | ||
| 650 | _aMICROELEMENTO | ||
| 650 | _aLODO RESIDUAL | ||
| 773 | 0 |
_tRevista Brasileira de Ciência do Solo (Brazil) _xISSN 1806-9657 _g(May-Jun 2004), v. 28(3) p. 557-568 _wBR2016000163 |
|
| 856 | 4 | 0 | _uhttp://www.scielo.br/pdf/rbcs/v28n3/a16v28n3.pdf |
| 909 |
_a202311 _bLúcia _c55 _dLúcia Elande |
||
| 942 |
_2AGRIS _n0 _cANA |
||
| 999 |
_c247540 _d247540 |
||